000 00545nam a2200193Ia 4500
005 20260429112033.0
008 260429s9999||||xx |||||||||||||| ||und||
020 _a9781804899786
041 _aEnglish
082 _a005.8
_bSPA
100 _aSparks, Leanne
245 0 _aBlockchain technology for data privacy management /
_cLeanne Sparks
260 _aUnited Kingdom :
_bBrilliant Publication Ltd. ,
_c2026.
300 _aviii, 270 p.; hb
650 _a Cybersecurity
650 _a Data privacy
650 _aBlockchain
942 _cTB
999 _c52020
_d52020